Simulación con promodel : (Registro nro. 52742)

Detalles MARC
000 -LEADER
campo de control de longitud fija 03546cam a22006614i 4500
003 - IDENTIFICADOR DE NÚMERO DE CONTROL
campo de control PE-LiUPU
005 - FECHA Y HORA DE LA ÚLTIMA TRANSACCIÓN
campo de control 20250731165611.0
008 - DATOS DE LONGITUD FIJA--INFORMACIÓN GENERAL
campo de control de longitud fija 150706s2003 cx b ra 000 0 d
020 ## - NÚMERO INTERNACIONAL ESTÁNDAR DEL LIBRO
Número Internacional Estándar del Libro 9588060354
035 ## - NÚMERO DE CONTROL DEL SISTEMA
Número de control de sistema (Sirsi) i9789588060354
040 ## - FUENTE DE CATALOGACIÓN
Centro catalogador/agencia de origen PE-LiUPU
Lengua de catalogación spa
Centro/agencia transcriptor PE-LiUPU
Normas de descripción rda
049 ## - FONDOS LOCALES (OCLC)
Biblioteca depositaria PRUA
082 04 - NÚMERO DE LA CLASIFICACIÓN DECIMAL DEWEY
Número de clasificación 003.3
Cutter B57
Número de edición 21
100 1# - ENTRADA PRINCIPAL--NOMBRE DE PERSONA
Nombre de persona Blanco Rivero, Luis Ernesto,
Término indicativo de función/relación autor.
245 10 - MENCIÓN DEL TÍTULO
Título Simulación con promodel :
Resto del título casos de producción y logística /
Mención de responsabilidad, etc. Luis Ernesto Blanco Rivero y Iván Darío Fajardo Piedrahíta.
250 ## - MENCION DE EDICION
Mención de edición Segunda Edición
264 #1 - PRODUCCIÓN, PUBLICACIÓN, DISTRIBUCIÓN, FABRICACIÓN Y COPYRIGHT
Producción, publicación, distribución, fabricación y copyright Bogotá :
Nombre del de productor, editor, distribuidor, fabricante Escuela Colombiana de Ingeniería,
Fecha de producción, publicación, distribución, fabricación o copyright 2003.
300 ## - DESCRIPCIÓN FÍSICA
Extensión 256 páginas :
Otras características físicas ilustraciones ;
Dimensiones 25 centímetros
300 ## - DESCRIPCIÓN FÍSICA
Extensión 02 CD-ROM
336 ## - TIPO DE CONTENIDO
Término de tipo de contenido text
Fuente rdacontent
337 ## - TIPO DE MEDIO
Nombre/término del tipo de medio unmediated
Fuente rdamedia
338 ## - TIPO DE SOPORTE
Nombre/término del tipo de soporte volume
Fuente rdacarrier
490 0# - MENCIÓN DE SERIE
Mención de serie Colección desarrollo empresarial
505 0# - NOTA DE CONTENIDO CON FORMATO
Nota de contenido con formato Qué es la simulación y para qué sirve: -Modelos para comenzar a simular con ProModel -- ¿Por qué estos modelos? -- Casos de producción -- Teoría de restricciones -- Cajero automático -- Colas M/M/1 -- Cajeros de un banco -- Colas M/M/n -- Sistemas PULL versus sistemas PUSH -- Casos de logística -- Cargue y descargue de camiones -- Búsqueda y asignación de rutas -- Cadena de abastecimientos -- ¿Qué es eso del Crossdocking? -- Centro de distribución de mercancías -- Las tres partes principales del modelo -- Diagnóstico de la operación del centro de distribución -- Unidades movilizadas por personas -- Propuestas de mejoramiento.
526 ## - NOTA DE INFORMACIÓN SOBRE EL PROGRAMA DE ESTUDIO
Nombre del programa Segunda Especialidad En Estadística Aplicada Para Investigación (A Distancia)
526 ## - NOTA DE INFORMACIÓN SOBRE EL PROGRAMA DE ESTUDIO
Nombre del programa Segunda Especialidad En Estadística Aplicada Para Investigación
526 ## - NOTA DE INFORMACIÓN SOBRE EL PROGRAMA DE ESTUDIO
Nombre del programa Ingeniería De Ciberseguridad
526 ## - NOTA DE INFORMACIÓN SOBRE EL PROGRAMA DE ESTUDIO
Nombre del programa Ingeniería De Ciencia De Datos E Inteligencia Artificial
526 ## - NOTA DE INFORMACIÓN SOBRE EL PROGRAMA DE ESTUDIO
Nombre del programa Ingeniería De Software
526 ## - NOTA DE INFORMACIÓN SOBRE EL PROGRAMA DE ESTUDIO
Nombre del programa
526 ## - NOTA DE INFORMACIÓN SOBRE EL PROGRAMA DE ESTUDIO
Nombre del programa Comunicación Y Periodismo
526 ## - NOTA DE INFORMACIÓN SOBRE EL PROGRAMA DE ESTUDIO
Nombre del programa Maestría En Ingeniería De Sistemas Con Mención En Dirección Y Gestión De Tecnologías De Información (Semipresencial)
526 ## - NOTA DE INFORMACIÓN SOBRE EL PROGRAMA DE ESTUDIO
Nombre del programa Maestría En Ingeniería De Sistemas Con Mención En Dirección Y Gestión De Tecnologías De Información (A Distancia)
526 ## - NOTA DE INFORMACIÓN SOBRE EL PROGRAMA DE ESTUDIO
Nombre del programa Doctorado en ingeniería de sistemas
526 ## - NOTA DE INFORMACIÓN SOBRE EL PROGRAMA DE ESTUDIO
Nombre del programa Maestría en ingeniería de sistemas con mención en Ingeniería de software
526 ## - NOTA DE INFORMACIÓN SOBRE EL PROGRAMA DE ESTUDIO
Nombre del programa Maestría en ingeniería de sistemas con mención en Dirección y gestión de tecnologías de información
526 ## - NOTA DE INFORMACIÓN SOBRE EL PROGRAMA DE ESTUDIO
Nombre del programa Ingeniería de sistemas
526 ## - NOTA DE INFORMACIÓN SOBRE EL PROGRAMA DE ESTUDIO
Nombre del programa Educación secundaria, especialidad matemática e informática
541 ## - NOTA DE FUENTE DE ADQUISICIÓN DIRECTA
-- 030-0010751;
541 ## - NOTA DE FUENTE DE ADQUISICIÓN DIRECTA
-- 030-0010751;
541 ## - NOTA DE FUENTE DE ADQUISICIÓN DIRECTA
-- 0020-0002446;
541 ## - NOTA DE FUENTE DE ADQUISICIÓN DIRECTA
-- 0001-0042355;
596 ## -
-- 1
650 04 - PUNTO DE ACCESO ADICIONAL DE MATERIA--TÉRMINO DE MATERIA
Término de materia o nombre geográfico como elemento de entrada ProModel (Programa para computadoras).
650 04 - PUNTO DE ACCESO ADICIONAL DE MATERIA--TÉRMINO DE MATERIA
Término de materia o nombre geográfico como elemento de entrada Simulación por computadores.
650 04 - PUNTO DE ACCESO ADICIONAL DE MATERIA--TÉRMINO DE MATERIA
Término de materia o nombre geográfico como elemento de entrada Métodos de simulación.
650 04 - PUNTO DE ACCESO ADICIONAL DE MATERIA--TÉRMINO DE MATERIA
Término de materia o nombre geográfico como elemento de entrada Análisis de sistemas.
910 ## - DATOS DE OPCIÓN DEL USUARIO (OCLC)
Datos de opción del usuario gl
-- jv
-- lch
-- 20111024
910 ## - DATOS DE OPCIÓN DEL USUARIO (OCLC)
Datos de opción del usuario dbm
-- marg
-- marg
-- 20180119
942 ## - ELEMENTOS DE ENTRADA SECUNDARIOS (KOHA)
Fuente del sistema de clasificación o colocación Clasificación Decimal Dewey
Tipo de ítem Koha
949 ## - PROCESAMIENTO DE INFORMACIÓN LOCAL (OCLC)
a 003.3 B57
w DEWEY
c 1
i 63893
l CCODEBUL1
m BUL
p 52.00
r 0
s Y
t BOOK
u 2015-7-6
x INGENIERIA
-- P27
o .STAFF. Colección General
949 ## - PROCESAMIENTO DE INFORMACIÓN LOCAL (OCLC)
a 003.3 B57
w DEWEY
c 2
i 63876
l CCODEBUL1
m BUL
p 50.00
r 0
s Y
t BOOK
u 2015-7-6
x INGENIERIA
-- P27
o .STAFF. Colección General
994 ## -
-- C0
-- PEPRU
999 ## - NÚMEROS DE CONTROL DE SISTEMA (KOHA)
-- DEWEY
-- 63893
-- 2017-11-19
-- 2019-12-9
-- 6
-- DISCARD
-- BUL
-- 2
-- 52.00
-- 1
-- 1
-- Y
-- BOOK
-- 2015-7-6
-- INGENIERIA
-- P27
-- COMPRA
-- .STAFF. Colección Ingeniería y Arquitectura
999 ## - NÚMEROS DE CONTROL DE SISTEMA (KOHA)
-- DEWEY
-- 63876
-- 2017-11-22
-- 2019-12-9
-- 6
-- DISCARD
-- BUL
-- 7
-- 50.00
-- 1
-- 1
-- Y
-- BOOK
-- 2015-7-6
-- INGENIERIA
-- P27
-- COMPRA
-- .STAFF. Colección General
999 ## - NÚMEROS DE CONTROL DE SISTEMA (KOHA)
-- DEWEY
-- 76016
-- 2022-4-11
-- 4
-- CCODEBUL1
-- BUL
-- 31.59
-- 1
-- Y
-- BOOK
-- 2017-5-29
-- INGENIERIA
-- P27
-- COMPRA
-- .STAFF. Colección Ingeniería y Arquitectura
999 ## - NÚMEROS DE CONTROL DE SISTEMA (KOHA)
-- DEWEY
-- 78186
-- 2022-4-11
-- 4
-- CCODEBUL1
-- BUL
-- 32.04
-- 1
-- Y
-- BOOK
-- 2018-1-19
-- INGENIERIA
-- P27
-- COMPRA
-- .STAFF. Colección Ingeniería y Arquitectura
980 ## - EQUIVALENCIA O REFERENCIA-CRUZADA-MENCIÓN DE SERIE--NOMBRE DE PERSONA/TÍTULO [LOCAL, CANADÁ]
ID del último usuario que modificó el registro 1
Nombre del último usuario que modificó el registro ALBERTO SANCHEZ Responsable de Automatización
Existencias
Visto por última vez Número de inventario Total de préstamos Signatura topográfica completa Código de barras Copia número Coste, precio de reemplazo Fecha de reemplazo Facultad Tipo de ítem Koha Nota pública Estado de pérdida Fuente del sistema de clasificación o colocación Restricciones de uso No para préstamo Colección Programa académico Biblioteca de origen Biblioteca actual Ubicación en estantería Fecha de adquisición Fuente de adquisición Coste, precio normal de compra Fecha del último préstamo
2025-12-02 5   003.3 B57 76016 e3 36.59 2017-05-29 FIA Libros físicos inventario-2023-12-13 No Perdido Clasificación Decimal Dewey No restringido Disponible para préstamos Colección General Ingeniería de sistemas Biblioteca CRAI UPeU Lima Biblioteca CRAI UPeU Lima Sala principal 2017-05-29 COMPRA 31.59  
2025-12-02 5 3 003.3 B57 78186 e4 37.04 2018-01-19 FIA Libros físicos inventario-2023-12-13 No Perdido Clasificación Decimal Dewey No restringido Disponible para préstamos Colección General Ingeniería de sistemas Biblioteca CRAI UPeU Lima Biblioteca CRAI UPeU Lima Sala principal 2018-01-19 COMPRA 32.04 2025-06-30